[Event "DVM U16 2008"]
[Site "Bingen GER"]
[Date "2008.12.28"]
[Round "4"]
[White "Finke, Kai"]
[Black "Früchel, Marcel"]
[Result "1/2-1/2"]
[Termination "normal"]
[Board "7.2"]
[WhiteElo "1593"]
[BlackElo "1857"]
[WhiteTeam "Schachgemeinschaft Porz"]
[BlackTeam "Schachfreunde Deizisau"]
[PlyCount "55"]
[WhiteFideId "1270611"]
[BlackFideId "24667218"]
[EventCountry "GER"]
[EventRounds "7"]
[EventType "team-swiss"]
[EventDate "2008.12.26"]

1. c4 Nf6 2. Nc3 c5 3. g3 Nc6 4. Bg2 d6 5. d3 g6 6. Nf3 Bg7 7. O-O O-O 8. Bd2
Rb8 9. a3 a6 10. Rb1 Nd4 11. b4 Bd7 12. Nxd4 cxd4 13. Ne4 Nxe4 14. Bxe4 Bc6 15.
Bxc6 bxc6 16. a4 e5 17. b5 cxb5 18. cxb5 axb5 19. axb5 Qd7 20. Qb3 Rb7 21. Rb2
Rfb8 22. Rfb1 d5 23. Kg2 h5 24. Qa4 h4 25. h3 hxg3 26. fxg3 Ra7 27. Qc2 Rab7
28. Qa4 1/2-1/2

[Event "DVM U16 2008"]
[Site "Bingen GER"]
[Date "2008.12.28"]
[Round "4"]
[White "Schell, Samuel"]
[Black "Winkler, Tim"]
[Result "0-1"]
[Termination "normal"]
[Board "7.4"]
[WhiteElo "1301"]
[BlackElo "1543"]
[WhiteTeam "Schachgemeinschaft Porz"]
[BlackTeam "Schachfreunde Deizisau"]
[PlyCount "86"]
[BlackFideId "24654515"]
[EventCountry "GER"]
[EventRounds "7"]
[EventType "team-swiss"]
[EventDate "2008.12.26"]

1. e4 e5 2. Nf3 Nc6 3. Bb5 Bc5 4. O-O d6 5. c3 a6 6. Ba4 b5 7. Bb3 Nf6 8. Re1
Bg4 9. h3 Bh5 10. d3 h6 11. Be3 Bxe3 12. Rxe3 O-O 13. d4 exd4 14. cxd4 Bxf3 15.
gxf3 Nh5 16. Bd5 Qg5+ 17. Kh2 Nf4 18. Qg1 Qxg1+ 19. Kxg1 Nxd5 20. exd5 Nxd4 21.
Na3 b4 22. Rd3 Ne2+ 23. Kf1 Nf4 24. Rd4 bxa3 25. Rxf4 axb2 26. Rb1 Rab8 27. Ke2
Rb5 28. Rd4 Rfb8 29. Kd3 Rc5 30. Ke4 Rc1 31. Rd1 Rxd1 32. Rxd1 b1=Q+ 33. Rxb1
Rxb1 34. Ke3 Ra1 35. h4 Rxa2 36. h5 Rb2 37. f4 a5 38. f5 f6 39. f4 a4 40. Kd3
a3 41. Kc3 Rb8 42. Kc2 a2 43. Kd2 a1=Q 0-1

[Event "DVM U16 2008"]
[Site "Bingen GER"]
[Date "2008.12.28"]
[Round "4"]
[White "Lüßmann, Thomas"]
[Black "Sonnhalter, Stella"]
[Result "0-1"]
[Termination "normal"]
[Board "8.1"]
[WhiteElo "1765"]
[BlackElo "1623"]
[WhiteTeam "SK Gräfelfing"]
[BlackTeam "SC Réti Heusweiler"]
[PlyCount "82"]
[WhiteFideId "1270602"]
[BlackFideId "4624815"]
[EventCountry "GER"]
[EventRounds "7"]
[EventType "team-swiss"]
[EventDate "2008.12.26"]

1. d4 Nf6 2. c4 e6 3. Nf3 b6 4. g3 Ba6 5. b3 Bb7 6. Bg2 Be7 7. O-O O-O 8. Qc2
d5 9. Bb2 Nbd7 10. Nc3 Rc8 11. Rfd1 c5 12. dxc5 Bxc5 13. Nd2 a6 14. Qb1 Ng4 15.
e3 Qf6 16. Nf3 d4 17. Ne4 Bxe4 18. Qxe4 Nxf2 19. Qc2 Nxd1 20. Rxd1 Qe7 21. exd4
Bb4 22. Qe2 Rfe8 23. Ne5 Nf6 24. Nc6 Qd6 25. Nxb4 Qxb4 26. Rf1 Rcd8 27. Bh3 Qe7
28. Re1 Qd6 29. Rd1 Qc6 30. Bg2 Qd6 31. Qc2 e5 32. d5 Ng4 33. Qe2 Qc5+ 34. Bd4
exd4 35. Qxg4 d3+ 36. Kh1 d2 37. Be4 Qe3 38. Bc2 Qc3 39. Bxh7+ Kxh7 40. Rf1 Kg8
41. Qh5 g6 0-1

[Event "DVM U16 2008"]
[Site "Bingen GER"]
[Date "2008.12.28"]
[Round "4"]
[White "Meiser, Michael"]
[Black "Decher, Paul"]
[Result "1-0"]
[Termination "normal"]
[Board "8.2"]
[WhiteElo "1568"]
[BlackElo "1693"]
[WhiteTeam "SC Réti Heusweiler"]
[BlackTeam "SK Gräfelfing"]
[PlyCount "111"]
[WhiteFideId "24659762"]
[BlackFideId "1270603"]
[EventCountry "GER"]
[EventRounds "7"]
[EventType "team-swiss"]
[EventDate "2008.12.26"]

1. e4 e5 2. Nf3 Nf6 3. Nxe5 d6 4. Nc4 Nxe4 5. Qe2 Qe7 6. Ne3 Nf6 7. Nc3 Be6 8.
d4 d5 9. g3 g6 10. Bg2 c6 11. O-O Bg7 12. f4 Ne4 13. Nxe4 dxe4 14. f5 Bd7 15.
c3 Na6 16. Qc2 O-O-O 17. Qxe4 Qxe4 18. Bxe4 Rde8 19. Bd3 Bh6 20. Ng4 Bxc1 21.
Raxc1 Nc7 22. Ne5 Ref8 23. Rf2 g5 24. Bc4 Nd5 25. Bxd5 cxd5 26. Nxd7 Kxd7 27.
Re2 f6 28. Rce1 Rf7 29. Kf2 h5 30. h3 h4 31. g4 Rc8 32. Ke3 Rc6 33. Kd3 Ra6 34.
a3 Rb6 35. Kc2 Rc6 36. Re6 Rc8 37. Kd3 Rc7 38. b3 Rc6 39. c4 Rb6 40. Rxb6 axb6
41. cxd5 Re7 42. Rxe7+ Kxe7 43. Kc4 Kd6 44. a4 b5+ 45. Kxb5 Kxd5 46. Kb6 Kxd4
47. Kxb7 Ke3 48. a5 Kf3 49. a6 Kg3 50. a7 Kxh3 51. a8=Q Kh2 52. Qb8+ Kg1 53.
Qa7+ Kg2 54. Qa1 h3 55. Qxf6 h2 56. Qh6 1-0

[Event "DVM U16 2008"]
[Site "Bingen GER"]
[Date "2008.12.28"]
[Round "4"]
[White "Barth, Stefan"]
[Black "Wilhelm, Robin"]
[Result "1/2-1/2"]
[Termination "normal"]
[Board "8.3"]
[WhiteElo "1532"]
[BlackElo "1651"]
[WhiteTeam "SK Gräfelfing"]
[BlackTeam "SC Réti Heusweiler"]
[PlyCount "67"]
[BlackFideId "4659627"]
[EventCountry "GER"]
[EventRounds "7"]
[EventType "team-swiss"]
[EventDate "2008.12.26"]

1. d4 d5 2. c4 e6 3. Nc3 Nf6 4. Bg5 Be7 5. e3 Nbd7 6. Nf3 c5 7. dxc5 Nxc5 8.
cxd5 exd5 9. Bb5+ Bd7 10. Bxd7+ Qxd7 11. O-O Rd8 12. Rc1 Ne6 13. Bh4 O-O 14.
Re1 Rfe8 15. Ne5 Qd6 16. Bg3 Qb6 17. Nd3 Ne4 18. Qe2 Nxc3 19. Rxc3 d4 20. exd4
Qxd4 21. Qe3 Qxe3 22. Rxe3 Nc5 23. h3 Nxd3 24. Rcxd3 h6 25. Rxd8 Rxd8 26. Rxe7
b5 27. Rxa7 Rd2 28. b3 g5 29. Kf1 f5 30. f3 Rd1+ 31. Kf2 f4 32. Bh2 Rd2+ 33.
Kf1 Rd1+ 34. Kf2 1/2-1/2

[Event "DVM U16 2008"]
[Site "Bingen GER"]
[Date "2008.12.28"]
[Round "4"]
[White "Wilhelm, Kevin"]
[Black "Bothe, Thomas"]
[Result "0-1"]
[Termination "normal"]
[Board "8.4"]
[WhiteElo "1303"]
[BlackElo "1306"]
[WhiteTeam "SC Réti Heusweiler"]
[BlackTeam "SK Gräfelfing"]
[PlyCount "86"]
[BlackFideId "1270606"]
[EventCountry "GER"]
[EventRounds "7"]
[EventType "team-swiss"]
[EventDate "2008.12.26"]

1. e4 e5 2. Nf3 Nc6 3. Bc4 Bc5 4. c3 Nf6 5. d3 h6 6. Nbd2 O-O 7. Nf1 d5 8. exd5
Nxd5 9. Bd2 Nf4 10. Bxf4 exf4 11. d4 Re8+ 12. Be2 Bd6 13. h3 Be6 14. d5 Bxd5
15. Qxd5 Qe7 16. Qd2 Bc5 17. Ng1 Rad8 18. Qxf4 Nb4 19. cxb4 Bxb4+ 20. Nd2 Bxd2+
21. Qxd2 Rxd2 22. Kxd2 Qb4+ 23. Kc2 Qe4+ 24. Bd3 Qxg2 25. Ne2 Qxf2 26. Rae1
Qc5+ 27. Nc3 Rd8 28. Re2 c6 29. Rhe1 Kf8 30. Kb1 Qh5 31. Re3 Qh4 32. Bc2 b5 33.
Ne4 g6 34. Nc5 Qb4 35. Re5 Kg7 36. Rf1 Qc4 37. Rf3 Qd4 38. Nd3 c5 39. Re7 Rf8
40. Kc1 c4 41. Ne5 Qg1+ 42. Bd1 Qg5+ 43. Kb1 Qxe7 0-1

[Event "DVM U16 2008"]
[Site "Bingen GER"]
[Date "2008.12.28"]
[Round "4"]
[White "Hohmann, Louisa"]
[Black "Schiffner, Kevin"]
[Result "0-1"]
[Termination "normal"]
[Board "9.1"]
[WhiteElo "1739"]
[BlackElo "1925"]
[WhiteTeam "SG Bochum 31"]
[BlackTeam "SG Aufbau Elbe Magdeburg"]
[PlyCount "62"]
[BlackFideId "24674940"]
[EventCountry "GER"]
[EventRounds "7"]
[EventType "team-swiss"]
[EventDate "2008.12.26"]

1. e4 c5 2. Nf3 Nc6 3. d4 cxd4 4. Nxd4 e6 5. Nc3 Qc7 6. Be3 Nf6 7. f3 a6 8. Qd2
Bb4 9. O-O-O O-O 10. g4 d5 11. g5 Nd7 12. exd5 exd5 13. a3 Ba5 14. Nb3 Nde5 15.
Nxa5 Qxa5 16. Qxd5 Qc7 17. Bg2 Be6 18. Qe4 Qa5 19. Nd5 Ng6 20. Nf4 Bf5 21. Qd5
Rac8 22. c3 Nh4 23. Qxa5 Nxa5 24. Rd5 Nb3+ 25. Kd1 Be6 26. Re5 Rfe8 27. Rg1
Rcd8+ 28. Ke2 Bc4+ 29. Kf2 Rxe5 30. Bb6 Rd2+ 31. Kg3 Nxg2 0-1

[Event "DVM U16 2008"]
[Site "Bingen GER"]
[Date "2008.12.28"]
[Round "4"]
[White "Rafayevych, Vilen"]
[Black "Butschek, Marc"]
[Result "1-0"]
[Termination "normal"]
[Board "9.2"]
[WhiteElo "1979"]
[BlackElo "1775"]
[WhiteTeam "SG Aufbau Elbe Magdeburg"]
[BlackTeam "SG Bochum 31"]
[PlyCount "140"]
[WhiteFideId "24673897"]
[BlackFideId "4630904"]
[EventCountry "GER"]
[EventRounds "7"]
[EventType "team-swiss"]
[EventDate "2008.12.26"]

1. d4 d5 2. c4 e5 3. dxe5 d4 4. Nf3 Nc6 5. g3 Bc5 6. Bg2 Nge7 7. O-O O-O 8.
Nbd2 a5 9. Ne4 Ba7 10. Qc2 Bf5 11. Nh4 Bg6 12. Nxg6 Nxg6 13. Ng5 h6 14. Bxc6
bxc6 15. Nf3 c5 16. e6 f5 17. Bd2 Bb6 18. e3 d3 19. Qb1 Qd6 20. Bc3 Rfd8 21.
Rd1 Ne7 22. Ne5 Qxe6 23. Rxd3 Rd6 24. Qc2 Rad8 25. Rad1 g5 26. b3 g4 27. Qe2 h5
28. R3d2 Kh7 29. h3 Ng8 30. hxg4 hxg4 31. Nd3 Qe4 32. Nf4 Rh6 33. Rd7+ Rxd7 34.
Rxd7+ Ne7 35. Ng2 Kg8 36. Qd3 Qe6 37. Nf4 Qc6 38. Rd8+ Kf7 39. Nd5 Rh7 40. Rh8
Rxh8 41. Bxh8 Qd6 42. Nf4 Qxd3 43. Nxd3 Ke6 44. Nf4+ Kd7 45. Kf1 Nc6 46. Ke2
Nd8 47. f3 Nf7 48. Bb2 gxf3+ 49. Kxf3 Ng5+ 50. Kg2 Ne4 51. Nd5 Ke6 52. Bg7 a4
53. Nc3 Nxc3 54. Bxc3 axb3 55. axb3 c6 56. Kf3 Bc7 57. Bg7 Bd6 58. Bh6 Be5 59.
Bf4 Bf6 60. e4 fxe4+ 61. Kxe4 Be7 62. g4 Kf6 63. g5+ Ke6 64. Be3 Bf8 65. Kf4
Bd6+ 66. Kg4 Bf8 67. Bd2 Be7 68. Bc3 Kf7 69. Kf5 Bd6 70. g6+ Kg8 1-0

[Event "DVM U16 2008"]
[Site "Bingen GER"]
[Date "2008.12.28"]
[Round "4"]
[White "Orhan, Eda"]
[Black "Schiffner, Alexander"]
[Result "1/2-1/2"]
[Termination "normal"]
[Board "9.3"]
[WhiteElo "1603"]
[BlackElo "1689"]
[WhiteTeam "SG Bochum 31"]
[BlackTeam "SG Aufbau Elbe Magdeburg"]
[PlyCount "79"]
[WhiteFideId "24659258"]
[EventCountry "GER"]
[EventRounds "7"]
[EventType "team-swiss"]
[EventDate "2008.12.26"]

1. d4 f5 2. Nf3 Nf6 3. g3 g6 4. Bg2 Bg7 5. O-O O-O 6. c4 d6 7. Nc3 a6 8. a4 Qe8
9. d5 e5 10. dxe6 Bxe6 11. Qd3 Nc6 12. Re1 Nb4 13. Qd1 Qc8 14. Qb3 Nc6 15. Ng5
Rb8 16. Nxe6 Qxe6 17. Nd5 Qd7 18. Bd2 Kh8 19. e3 Ne4 20. Bxe4 fxe4 21. Bc3 Bxc3
22. Qxc3+ Ne5 23. Kg2 Qg4 24. Qc2 Rf7 25. h4 Rbf8 26. Nf4 Nd3 27. Nxd3 exd3 28.
Qc3+ Kg8 29. f4 Qf5 30. Qd4 Re8 31. Rad1 Qa5 32. b3 Rfe7 33. Qxd3 Re4 34. Kf2
Qc5 35. Qd5+ Qxd5 36. Rxd5 h5 37. Kf3 R4e6 38. e4 c6 39. Rd4 Kf7 40. a5 1/2-1/2

[Event "DVM U16 2008"]
[Site "Bingen GER"]
[Date "2008.12.28"]
[Round "4"]
[White "Tarouchkin, Alexander"]
[Black "Budszuhn, Timo"]
[Result "0-1"]
[Termination "normal"]
[Board "9.4"]
[WhiteElo "1180"]
[BlackElo "1470"]
[WhiteTeam "SG Aufbau Elbe Magdeburg"]
[BlackTeam "SG Bochum 31"]
[PlyCount "74"]
[BlackFideId "1270607"]
[EventCountry "GER"]
[EventRounds "7"]
[EventType "team-swiss"]
[EventDate "2008.12.26"]

1. e4 e5 2. Nf3 Nc6 3. Nc3 Nf6 4. Bb5 d6 5. Ba4 Bg4 6. d4 exd4 7. Qxd4 Bd7 8.
Bxc6 Bxc6 9. Bg5 Be7 10. O-O-O O-O 11. h4 Re8 12. e5 dxe5 13. Qxe5 Qc8 14. Rhe1
h6 15. Bxf6 Bxf6 16. Qc5 Qg4 17. Rxe8+ Rxe8 18. Ne1 Bxh4 19. g3 Bg5+ 20. f4 Bf6
21. Qf2 a6 22. Nd5 Bxd5 23. Rxd5 Qe6 24. Rd1 Qxa2 25. c3 Bxc3 26. Nd3 Bf6 27.
Qc5 Re2 28. Rd2 Rxd2 29. Kxd2 Bxb2 30. Qxc7 Be5+ 31. Qc2 Qxc2+ 32. Kxc2 Bd6 33.
Kc3 f5 34. Kc4 Kf7 35. Ne5+ Bxe5 36. fxe5 Ke6 37. Kd4 a5 0-1

[Event "DVM U16 2008"]
[Site "Bingen GER"]
[Date "2008.12.28"]
[Round "4"]
[White "von Schwerin, Clemens"]
[Black "Meng, Pascal"]
[Result "0-1"]
[Termination "normal"]
[Board "10.1"]
[WhiteElo "1906"]
[BlackElo "1595"]
[WhiteTeam "SV Jedesheim"]
[BlackTeam "Schachklub Gau-Algesheim"]
[PlyCount "104"]
[WhiteFideId "4613228"]
[BlackFideId "24608165"]
[EventCountry "GER"]
[EventRounds "7"]
[EventType "team-swiss"]
[EventDate "2008.12.26"]

1. e4 d5 2. exd5 Qxd5 3. Nc3 Qd6 4. Bc4 Nf6 5. d4 a6 6. a4 Bg4 7. Nge2 Nc6 8.
Bf4 Bxe2 9. Nxe2 Qb4+ 10. c3 Qxc4 11. O-O e6 12. b3 Qd5 13. Bxc7 Qd7 14. Bg3
Bd6 15. b4 Bxg3 16. hxg3 O-O 17. Qd3 e5 18. b5 axb5 19. axb5 Ne7 20. Qf3 e4 21.
Qe3 Rxa1 22. Rxa1 Qxb5 23. Rc1 Ra8 24. c4 Qb2 25. Nc3 Nf5 26. Qe1 Nxd4 27. Rb1
Qxc3 28. Qxc3 Ne2+ 29. Kh2 Nxc3 30. Rxb7 h6 31. c5 Rc8 32. Re7 Rxc5 33. f3 exf3
34. gxf3 Ncd5 35. Ra7 Rc3 36. f4 h5 37. f5 Rf3 38. Kh3 Rxf5 39. Kh4 g5+ 40. Kh3
Ne4 41. Rd7 Ndc3 42. g4 hxg4+ 43. Kxg4 Rf4+ 44. Kh3 Kg7 45. Ra7 Kh6 46. Ra6+
Kh5 47. Kg2 f5 48. Ra8 Kg4 49. Kh1 Kg3 50. Ra1 Nd2 51. Rg1+ Kh3 52. Re1 Rf1+
0-1

[Event "DVM U16 2008"]
[Site "Bingen GER"]
[Date "2008.12.28"]
[Round "4"]
[White "Stephan, Nikita"]
[Black "Lerch, Matthias"]
[Result "1/2-1/2"]
[Termination "normal"]
[Board "10.2"]
[WhiteElo "1602"]
[BlackElo "1763"]
[WhiteTeam "Schachklub Gau-Algesheim"]
[BlackTeam "SV Jedesheim"]
[PlyCount "50"]
[WhiteFideId "1270614"]
[BlackFideId "24662151"]
[EventCountry "GER"]
[EventRounds "7"]
[EventType "team-swiss"]
[EventDate "2008.12.26"]

1. e4 e6 2. d4 d5 3. Nd2 c5 4. exd5 exd5 5. dxc5 Bxc5 6. Nb3 Bb6 7. Nf3 Ne7 8.
Be2 O-O 9. O-O Nbc6 10. Bf4 Bf5 11. c3 Be4 12. Nbd4 Nxd4 13. Nxd4 Nc6 14. Nf3
d4 15. cxd4 Nxd4 16. Nxd4 Qxd4 17. Qd2 Rfd8 18. Rad1 Rac8 19. Qxd4 {(=)} 19...
Rxd4 20. Rxd4 Bxd4 21. Rc1 Rc2 22. Rxc2 Bxc2 23. b3 Bb1 24. a4 Kf8 25. Kf1 Ke7
1/2-1/2

[Event "DVM U16 2008"]
[Site "Bingen GER"]
[Date "2008.12.28"]
[Round "4"]
[White "Goda, Robert-Rene"]
[Black "Michel, Pascal"]
[Result "0-1"]
[Termination "normal"]
[Board "10.3"]
[WhiteElo "1692"]
[BlackElo "1390"]
[WhiteTeam "SV Jedesheim"]
[BlackTeam "Schachklub Gau-Algesheim"]
[PlyCount "78"]
[WhiteFideId "4637968"]
[EventCountry "GER"]
[EventRounds "7"]
[EventType "team-swiss"]
[EventDate "2008.12.26"]

1. d4 Nf6 2. Bf4 g6 3. Nf3 Bg7 4. e3 d6 5. c4 O-O 6. Nc3 Bf5 7. h3 Nc6 8. Be2
Re8 9. O-O e5 10. dxe5 dxe5 11. Bg5 Qxd1 12. Rfxd1 Ne4 13. Nxe4 Bxe4 14. Nd2
Bc2 15. Rdc1 15... Bf5 {(=)} 16. e4 Be6 17. Nb3 f6 18. Be3 b6 19. a3 Red8 20.
Rd1 Bf8 21. Kf1 Rxd1+ 22. Rxd1 Rd8 23. Ke1 Kf7 24. Rxd8 Nxd8 25. Kd2 c5 26. Kc3
Nc6 27. Bd1 27... Nd4 {(=)} 28. Bxd4 exd4+ 29. Kd3 Bh6 30. Nd2 Bxd2 31. Kxd2
Bxc4 32. f4 {(=)} 32... Ke6 33. g4 h6 34. b3 Ba6 35. Be2 Bxe2 36. Kxe2 g5 37.
f5+ Ke5 38. Kd3 a6 39. a4 a5 0-1

[Event "DVM U16 2008"]
[Site "Bingen GER"]
[Date "2008.12.28"]
[Round "4"]
[White "Gellert, Helena"]
[Black "Kraus, Johannes"]
[Result "1/2-1/2"]
[Termination "normal"]
[Board "10.4"]
[WhiteElo "1030"]
[BlackElo "1475"]
[WhiteTeam "Schachklub Gau-Algesheim"]
[BlackTeam "SV Jedesheim"]
[PlyCount "41"]
[BlackFideId "1270601"]
[EventCountry "GER"]
[EventRounds "7"]
[EventType "team-swiss"]
[EventDate "2008.12.26"]

1. d4 d5 2. Nf3 Nf6 3. Bf4 Bf5 4. e3 g6 5. c4 e6 6. Nc3 c5 7. Be2 7... Nc6 {(=)
} 8. O-O cxd4 9. exd4 Bg7 10. Re1 O-O 11. Bd3 Qb6 12. Bxf5 gxf5 13. Rb1 dxc4
14. Be3 Nd5 15. Ne5 Nxe3 16. Rxe3 Qc7 17. Nxc6 Qxc6 18. Rg3 Rad8 19. Qd2 Kh8
20. Rxg7 Kxg7 21. Qg5+ 1/2-1/2